| 000 | 00823nam a22002057a 4500 | ||
|---|---|---|---|
| 999 |
_c8136 _d8136 |
||
| 003 | AR-CdUCM | ||
| 008 | 190322b ||||| |||| 00| 0 spa d | ||
| 040 |
_aMUNICIPALIDAD PROVINCIAL DEL CUSCO _cBIBLIOTECA MUNICIPAL DEL CUSCO |
||
| 082 |
_a551.2 / _bO41 |
||
| 100 |
_aOlhovich, V. A. _922965 |
||
| 245 | _aCursos de sismologia aplicada / | ||
| 260 |
_aMéxico : _bReverte, _c1959. |
||
| 300 |
_a382 páginas ; _c24 cm. |
||
| 505 | _aContenido : Capítulo I : Leyes que rigen a la propagación de ondas elásticas -- Capítulo II : Nociones generales de los métodos sísmicos de refracción y reflexión -- Capítulo III : Diferentes sistemas de tiro en los trabajos de reflexión ... | ||
| 650 |
_aSismología _922966 |
||
| 650 |
_aAplicada _922754 |
||
| 650 |
_aCiencia _92098 |
||
| 942 |
_2ddc _cLIBROS |
||
| 945 | _arah | ||